000 00301nam a22001337a 4500
008 170418b xxu||||| |||| 00| 0 eng d
020 _a9781285904191
041 _aeng
080 _a612.39
100 _a10
101 _aSHM
245 _aDHN 212: INTRODUCTORY NUTRITION
_cWHITNEY
942 _2udc
_cBK
999 _c10926
_d10926